000 00488nam a2200157 a 4500
001 000031303
005 20200930062834.0
008 110617s1992 dr a 000 0 spa d
040 _aDO-SdBNP
_bspa
_cBNPHU
082 _axxxx
_bR332p
245 0 0 _aReflexiones pastorales y los desafios actuales.
260 _aSanto Domingo :
_bEdiciones Populares,
_c1992.
300 _a34 p. :
_bil. ;
_c21 cm.
500 _aV Centenario 4ta. Conferencia de los Obispos Latinosamericanos
049 _aBNPD
999 _c30795
_d30795